Պսակ / (Record no. 153929)
[ view plain ]
| 000 -LEADER | |
|---|---|
| fixed length control field | 00652nam a2200193 a 4500 |
| 001 - CONTROL NUMBER | |
| control field | 000405273 |
| 003 - CONTROL NUMBER IDENTIFIER | |
| control field | AM-YeHGA |
| 005 - DATE AND TIME OF LATEST TRANSACTION | |
| control field | 20250618072406.0 |
| 008 - FIXED-LENGTH DATA ELEMENTS--GENERAL INFORMATION | |
| fixed length control field | 050125s1969 ai 000 | arm d |
| 040 ## - CATALOGING SOURCE | |
| Original cataloging agency | AM-YeHGA |
| 041 0# - LANGUAGE CODE | |
| Language code of text/sound track or separate title | arm |
| 090 ## - LOCALLY ASSIGNED LC-TYPE CALL NUMBER (OCLC); LOCAL CALL NUMBER (RLIN) | |
| -- | 155327 |
| 245 10 - TITLE STATEMENT | |
| Title | Պսակ / |
| Statement of responsibility, etc. | Ա. Հովենց; Խմբ.՝ Ս. Գրիգորյան. |
| 246 1# - VARYING FORM OF TITLE | |
| Title proper/short title | Венок |
| 260 ## - PUBLICATION, DISTRIBUTION, ETC. | |
| Place of publication, distribution, etc. | Բաքու : |
| Name of publisher, distributor, etc. | Ադրբեջանի պետհրատ., |
| Date of publication, distribution, etc. | 1969. |
| 300 ## - PHYSICAL DESCRIPTION | |
| Extent | 38 էջ : |
| Other physical details | դիմանկ. ; |
| Dimensions | 10x12 սմ. |
| 650 14 - SUBJECT ADDED ENTRY--TOPICAL TERM | |
| Topical term or geographic name entry element | Հայ գրականություն |
| General subdivision | Պոեզիա |
| 700 1# - ADDED ENTRY--PERSONAL NAME | |
| Personal name | Գրիգորյան, Սամվել Հովհաննեսի, |
| Dates associated with a name | 1907-1987 |
| Relator term | խմբ. |
| Relationship | edt |
| 9 (RLIN) | 1649 |
| Withdrawn status | Lost status | Damaged status | Not for loan | Collection | Home library | Current library | Date acquired | Cost, normal purchase price | Total checkouts | Full call number | Barcode | Date last seen | Price effective from | Koha item type | Public note |
|---|---|---|---|---|---|---|---|---|---|---|---|---|---|---|---|
| General | Fundamental Scientific Library | Fundamental Scientific Library | 28/12/2016 | 21.00 | AI/10862 | FL0048706 | 28/12/2016 | 28/12/2016 | Գրքեր / Books | 30 Days Loan | |||||
| General | Fundamental Scientific Library | Fundamental Scientific Library | 28/12/2016 | 21.00 | AI/10863 | FL0048705 | 28/12/2016 | 28/12/2016 | Գրքեր / Books | 30 Days Loan | |||||
| General | Fundamental Scientific Library | Fundamental Scientific Library | 28/12/2016 | 21.00 | AI/10864 | FL0048704 | 28/12/2016 | 28/12/2016 | Գրքեր / Books | 30 Days Loan |
ՀՀ Գիտությունների ազգային ակադեմիայի հիմնարար գիտական գրադարան = Fundamental Scientific Library of NAS RA
All site content, except where otherwise noted, is licensed under a